Responsabilidade civil e medicina

Detalles Bibliográficos
Autor principal: Rosenvald, Nelson
Otros Autores: Dadalto, Luciana, Bezerra de Menezes, Joyceane
Formato: eBook
Lenguaje:portugués
Publicado: Indaiatuba: Editora Foco, 2021
Materias:
Acceso en línea:Acceso restringido

MARC

LEADER 00000nam a22000007a 4500
005 20211221225758.0
007 cr|||| ||||
008 211221s2021 br |||||s|||| 00||0 por d
020 |a 978-65-5515-234-0 
035 |a 35507 
040 |a vLex 
090 |c 12751  |d 12751 
100 1 |a Rosenvald, Nelson 
245 1 0 |a Responsabilidade civil e medicina  |h [Recurso electrn̤ico] /  |c Nelson Rosenvald, Luciana Dadalto, Joyceane Bezerra de Menezes 
256 |a Servicio en ln̕ea 
260 |a Indaiatuba:  |b Editora Foco,  |c 2021 
300 |a 1 recurso electrn̤ico 
500 |a A segunda ediȯ̂ da obra que ora apresentamos ao leitor ̌mais um resultado do profc̕uo trabalho que tem sido feito pelo Instituto Brasileiro de Responsabilidade Civil (IBERC) em prol do desenvolvimento das discusse̳s acerca da Responsabilidade Civil no Brasil. A partir das reflexe̳s do grupo e da constataȯ̂ da inexistn̊cia de um livro que esmiuȧsse a relaȯ̂ desse ramo do Direito com a Medicina, surgiu a ideia de convidarmos autores nacionais e internacionais, todos membros do IBERC, para a presente empreitada, que conta com 22 artigos cientf̕icos. Fica aqui, nosso convite para que o leitor nos acompanhe nesse percurso de muitas dv︢idas, poucas certezas e uma grande vontade de discutir a Medicina ̉luz da Responsabilidade Civil. Aos autores e ̉Editora Foco, o nosso muito obrigado por acreditarem nesse projeto pioneiro. Nelson Rosenvald Joyceane Bezerra de Menezes Luciana Dadalto. 
506 1 |a Disponible solo en los productos indicados  |d vLex Global  |d vLex Global (Academic Edition, excluding Law Schools)  |d vLex Global (U.S. Academic Edition, Law Schools)  |d vLex Global (U.S. Academic Edition, excluding Law Schools)  |d vLex Global (Academic Edition, Law Schools) 
650 0 4 |a Derecho Civil  |z Brasil 
700 1 |a Dadalto, Luciana 
700 1 |a Bezerra de Menezes, Joyceane 
740 0 |a vLex Libros (Servicio en ln̕ea) 
856 4 0 |u https://app.vlex.com/#/sources/35507  |z Acceso restringido 
942 |c BOOK 
999 0 |a Civil Law